000 00602nam a2200205Ia 4500
003 OSt
005 20251017165208.0
008 221004b |||||||| |||| 00| 0 eng d
037 _cTextual
040 _aCRL
_cCRL
_beng
041 _2eng
_aeng
084 _aO73v 111M1.1-.2
_qAL
245 0 _aAmerican tradition in literature edited by Sculley Bradley and others
250 _a5th
260 _aNew York:
_bRandom House USA,
_c1981,
300 _a2073;2176p.
_ccm.
650 _aAMERICAN LITERATURE
_9848754
942 _hO111973x M1.1-.2
_cTB
_2cc
_n0
999 _c998241
_d998241